000 01883namaa2200397uu 4500
001 doab135433
003 oapen
005 20260218110427.0
006 m o d
007 cr|mn|---annan
008 240307s2024 xx |||||o ||| 0|eng d
020 _a9781803562933
020 _a9781803562940
020 _a9781803562957
020 _aintechopen.104037
024 7 _a10.5772/intechopen.104037
_2doi
040 _aoapen
_coapen
_d
041 0 _aeng
042 _adc
720 1 _aPioro, Igor L.
_4edt
245 0 0 _aAdvances in Boiling and Condensation
260 _bIntechOpen
_c2024
300 _a1 online resource (162 p.)
336 _atext
_btxt
_2rdacontent
337 _acomputer
_bc
_2rdamedia
338 _aonline resource
_bcr
_2rdacarrier
506 0 _fUnrestricted online access
_2star
520 _aAdvances in Boiling and Condensation provides a comprehensive overview of boiling and condensation, which are two types of convection heat transfer with phase change. Written by experts in the field, the book includes five chapters that address such topics as nucleate pool boiling and flow boiling, heat transfer and hydraulic resistance in fuel bundles of nuclear-power reactors, boiling heat-transfer enhancement with graphene-based functional coatings, water hammer in two-phase systems, and heat transfer during condensation.
540 _aCreative Commons
_fhttps://creativecommons.org/licenses/by/3.0/
_2cc
_uhttps://creativecommons.org/licenses/by/3.0/
546 _aEnglish
650 7 _aCondensed matter physics (liquid state and solid state physics)
_2bicssc
720 1 _aPioro, Igor L.
_4oth
793 0 _aDOAB Library.
856 _uhttps://docs.google.com/spreadsheets/d/1yKIrdCPDAG_9c22mwoOIO2DOhtj65Wqa/edit?usp=sharing&ouid=106555315294820607512&rtpof=true&sd=true
_yList of Curated E-Books
942 _cE-BOOK
999 _c80931
_d80930